000 00210 a2200097 4500
001 39792
100 _aWolf Ray
245 _aGym. on a Wall
260 _aNew York
_bRodale Plans
_c1982
090 _c24799
_d24799
942 _aNUST-CAE
_cM
_c16445
999 _c274865
_d274865